000 00681nam a2200193Ia 4500
003 GCL
008 140319s9999 xx 000 0 ara d
040 _aGCL /
_cGCL
082 0 4 _a575.1
_bم م
100 1 _aعصام المياسى (مراجع)
245 1 0 _aالمصادفة والضرورة : مجادلة فى الفلسفة الطبيعية للبيولوجيا الحديثة /
_cعصام المياسى (مراجع)
700 1 _aمونو , جان
700 1 _aعصام المياسى (مترجم)
300 _a176 ص
490 _aسلسلة الكتب العلمية
_v0
650 0 4 _aالوراثة ، علم
650 0 4 _aالبيولوجيا
942 _2ddc
_cBK
999 _c44162
_d44162